Food Hospitality (Record no. 395681)

MARC details
000 -LEADER
fixed length control field 00316 a2200133 4500
000 - LEADER
fixed length control field nam a22 7a 4500
100 ## - MAIN ENTRY--PERSONAL NAME
Personal name Singh, Ranvijay
110 ## - MAIN ENTRY--CORPORATE NAME
Corporate name or jurisdiction name as entry element Singh, Ranvijay
245 ## - TITLE STATEMENT
Title Food Hospitality
250 ## - EDITION STATEMENT
Edition statement Latest edition
260 ## - PUBLICATION, DISTRIBUTION, ETC.
Name of publisher, distributor, etc. ABD Publishers
Date of publication, distribution, etc. 2016
264 ## - PRODUCTION, PUBLICATION, DISTRIBUTION, MANUFACTURE, AND COPYRIGHT NOTICE
Name of producer, publisher, distributor, manufacturer ABD Publishers
Date of production, publication, distribution, manufacture, or copyright notice 2016
942 ## - ADDED ENTRY ELEMENTS (KOHA)
Koha item type Books
Holdings
Date last seen Total checkouts Barcode Cost, replacement price Price effective from Koha item type Lost status Source of classification or shelving scheme Damaged status Not for loan Withdrawn status Home library Current library Date acquired Source of acquisition Cost, normal purchase price
27/01/2026   425229 1895.00 27/01/2026 Books   Dewey Decimal Classification       VIVEKANANDA LIBRARY VIVEKANANDA LIBRARY 27/01/2026 44 1326.50
© Designed and Maintained by Vivekananda Library, MDU Rohtak